スマブラSPファイター名クイズ - Statistics

General Stats
  • This quiz has been taken 16 times
  • The average score is 66 of 86
Answer Stats
Answer % Correct
マリオ
100%
リンク
100%
サムス
100%
ルイージ
100%
クッパ
100%
ピット
100%
ブラックピット
100%
ドンキーコング
92%
ダークサムス
92%
カービィ
92%
ネス
92%
キャプテン・ファルコン
92%
ピーチ
92%
デイジー
92%
ゼルダ
92%
ピチュー
92%
ガノンドロフ
92%
ポケモントレーナー
92%
リュカ
92%
デデデ
92%
ゲッコウガ
92%
パルテナ
92%
リドリー
92%
パックンフラワー
92%
スティーブ
92%
クッパJr.
92%
ヨッシー
85%
フォックス
85%
ピカチュウ
85%
シーク
85%
ドクターマリオ
85%
こどもリンク
85%
メタナイト
85%
ワリオ
85%
ソニック
85%
ピクミン&オリマー
85%
ルカリオ
85%
ガオガエン
85%
ソラ
85%
Mr.ゲーム&ウォッチ
85%
プリン
77%
マルス
77%
ミュウツー
77%
ゼロスーツサムス
77%
ディディーコング
77%
トゥーンリンク
77%
むらびと
77%
リュウ
77%
しずえ
77%
バンジョー&カズーイ
77%
カズヤ
77%
ファルコ
69%
ルキナ
69%
ロイ
69%
スネーク
69%
アイク
69%
ロボット
69%
ウルフ
69%
ロゼッタ&チコ
69%
パックマン
69%
シュルク
69%
クラウド
69%
ベヨネッタ
69%
キングクルール
69%
ミェンミェン
69%
Wii Fitトレーナー
69%
リトル・マック
62%
ダックハント
62%
ケン
62%
ジョーカー
62%
勇者
62%
セフィロス
62%
アイスクライマー
54%
ルフレ
54%
インクリング
54%
シモン
54%
ベレト/ベレス
54%
ホムラ/ヒカリ
54%
Miiファイター(剣術タイプ)
54%
Miiファイター(射撃タイプ)
54%
ロックマン
46%
カムイ
46%
リヒター
46%
テリー
46%
クロム
38%
Miiファイター(格闘タイプ)
38%
No matching quizzes found
Score Distribution
Percent of People with Each Score
Percentile by Number Answered
Your Score History
You have not taken this quiz